000 00821nam a2200229 a 4500
001 000026021
005 20240509200458.0
008 110217s2000 mx ab r 000 | spa d
020 _a970170374X
040 _aDO-SdBNP
_bspa
_cBNPHU
082 _a160
_bA775i
100 1 _aArrieta Gutiérrez, Gabriel ,
_952927
245 1 0 _aIntroducción a la lógica /
_cGabriel Arrieta Gutiérrez; edición Enrique Quintanar Duarte.
260 _aNaucalpan de Juárez, México :
_bPearson Educación de México,
_c2000.
300 _axviii, 301 p. :
_bil. , mapas ;
_c23 cm.
504 _aIncluye bibliografía : p. 294-301
500 _aIncluye referencia bibliografía al pie de páginas
650 0 _aLógica
_9332
650 4 _aLógica
_xEnseñanza
_952928
700 1 _aQuintanar Duarte, Enrique,
_eed.
_920034
049 _aBNGR
999 _c25513
_d25513